US States by Number of Counties - Statistics

General Stats
  • This quiz has been taken 27 times
  • The average score is 46 of 50
Answer Stats
Hint Answer % Correct
New Hampshire 10
100%
Massachusetts 14
100%
Vermont 14
100%
Arizona 15
100%
Delaware 3
100%
Rhode Island 5
100%
Hawaii 5
100%
Connecticut 8
100%
Maine 16
96%
Nevada 17
96%
New Jersey 21
96%
Wyoming 23
96%
Alabama 67
96%
Florida 67
96%
Pennsylvania 67
96%
Iowa 99
96%
Missouri 115
92%
Kentucky 120
92%
Georgia 159
92%
Maryland 24
92%
Alaska 30
92%
New Mexico 33
92%
Oregon 36
92%
Washington 39
92%
Oklahoma 77
92%
Indiana 92
92%
Nebraska 93
92%
Tennesee 95
92%
Kentucky 100
88%
Illinois 102
88%
Kansas 105
88%
Virginia 133
88%
Texas 254
88%
Utah 29
88%
Idaho 44
88%
South Carolina 46
88%
North Dakota 53
88%
West Virginia 55
88%
Montana 56
88%
New York 62
88%
Colorado 64
88%
Louisiana 64
88%
South Dakota 66
88%
Wisconsin 72
88%
Arkansas 75
88%
Mississippi 82
88%
Michigan 83
88%
Minnesota 87
88%
Ohio 88
88%
California 58
84%
No matching quizzes found
Score Distribution
Percent of People with Each Score
Percentile by Number Answered
Your Score History
You have not taken this quiz